000 00554nam a22001697a 4500
010 _aENG-119717
020 _a9789385559105
_c400.00
035 _aEN-103249
037 _bDBAD/PUB
082 _a658.15
245 _aCompendium'17 /
_cedited by Lekshmi Nair K.B.
260 _aThiruvananthapuram
_bMohan Das College of Engineering and Technology
_c2017
270 _aAnad, Nedumangad,
_bThiruvananthapuram
_e695544
300 _aVarious paging :
_c29cm(pbk)
_b ill.
700 _aNair, Lekshmi K.B.
942 _2ddc
_cEN
_h658.15
_mCOM
999 _c143532
_d143532